| 000 | 00666nam a22001815i 4500 | ||
|---|---|---|---|
| 001 | 154197 | ||
| 003 | ES-MaACL | ||
| 005 | 20250727062614.0 | ||
| 008 | 050905s1901 sp | |||||||| ||spa d | ||
| 040 |
_aCAM _bspa _cCAM |
||
| 100 | 1 |
_aFrías Marti, Juan. _952589 |
|
| 245 | 1 | 0 |
_aEstudio acerca de el socialismo, como escuela económica y como aspiración política / _cpor Juan Frías Martí. |
| 260 |
_aLorca : _b[s.n.], _c1901 ( _fImp. de Luis Montiel) |
||
| 300 |
_a55 p. ; _c21 cm. |
||
| 650 | 7 |
_aSocialismo _2embne _917147 |
|
| 852 |
_aES-MaACL _jT-985-F-3 _z-- Enc. hol., conservando la enc. original _z-- Enc. en un vol. facticio |
||
| 999 |
_c154197 _d154197 |
||